Most Guessed World Cities - Statistics

General Stats
  • This quiz has been taken 99,604 times
    50,813 since last reset
  • The average score is 16 of 21
Answer Stats
% City % Correct
96 New York City
96%
93 Paris
96%
93 London
95%
95 Tokyo
90%
90 Berlin
87%
92 Los Angeles
87%
87 Rome
86%
91 Moscow
85%
88 Madrid
84%
91 Beijing
82%
87 Mexico City
74%
84 Rio de Janeiro
73%
84 Sydney
73%
89 Delhi
67%
84 Cairo
63%
84 Chicago
61%
88 Shanghai
60%
82 Barcelona
58%
80 Miami
51%
83 Mumbai
47%
80 Jakarta
42%
No matching quizzes found
Score Distribution
Percent of People with Each Score
Percentile by Number Answered
Your Score History
You have not taken this quiz since the last reset